00951nam a2200277 450000100030000000300040000300500170000700800410002404000080006504100130007308200150008610000310010124000220013224500730015426000280022730000110025552002480026665000250051465000260053965000190056565000150058465000120059965500120061165500210062370000290064479OSt20250123133004.0250123b |||||||e |||| 00| 0 eng d bpor hengapor a813bB922c1 aBuck, Pearl S.d1892-1973. aChina as I see it aA China que eu vi /cBuck, Pearl S. ; Tradução de Syomara Cajado aSão PaulobNova Epoca a342 p. aChina as I See It (1970) -- A China é retratada com toda fidelidade e em todo o seu humanismo pela escritora prêmios Nobel e Pulitzer. O leitor contemplará através de suas páginas a beleza da China milenar, e seu paciente povo. |...| 0aLiteratura Americana 0aExperiência de vida 0aPrêmio Nobel 0aHistória 0aViagens 0aRomance 0aNão Ficção aSyomara CajadoeTradutor